The geology of the Lake district and the scenery as influenced by geological structure, (Record no. 25707)
[ view plain ]
| 000 -LEADER | |
|---|---|
| fixed length control field | 00649cam a22001933 4500 |
| 001 - CONTROL NUMBER | |
| control field | gs 16000623 |
| 003 - CONTROL NUMBER IDENTIFIER | |
| control field | DLC |
| 005 - DATE AND TIME OF LATEST TRANSACTION | |
| control field | 20260227111320.0 |
| 008 - FIXED-LENGTH DATA ELEMENTS--GENERAL INFORMATION | |
| fixed length control field | 020619s1916 enkabc 000 0 eng |
| 010 ## - LIBRARY OF CONGRESS CONTROL NUMBER | |
| LC control number | gs 16000623 |
| 040 ## - CATALOGING SOURCE | |
| Original cataloging agency | DLC |
| Transcribing agency | DLC |
| 043 ## - GEOGRAPHIC AREA CODE | |
| Geographic area code | e-uk-en |
| 050 00 - LIBRARY OF CONGRESS CALL NUMBER | |
| Classification number | QE262.L2 |
| Item number | M3 |
| 100 1# - MAIN ENTRY--PERSONAL NAME | |
| Personal name | Marr, J. E. |
| Fuller form of name | (John Edward), |
| Dates associated with a name | 1857-1933. |
| 245 14 - TITLE STATEMENT | |
| Title | The geology of the Lake district and the scenery as influenced by geological structure, |
| Statement of responsibility, etc. | by J.E. Marr ... |
| 260 ## - PUBLICATION, DISTRIBUTION, ETC. | |
| Place of publication, distribution, etc. | Cambridge, |
| Name of publisher, distributor, etc. | The University press, |
| Date of publication, distribution, etc. | 1916. |
| 300 ## - PHYSICAL DESCRIPTION | |
| Extent | xii, 220 p. |
| Other physical details | front. (port.) illus., fold. maps, diagrs. |
| Dimensions | 23 cm. |
| 650 #0 - SUBJECT ADDED ENTRY--TOPICAL TERM | |
| Topical term or geographic name entry element | Geology |
| Geographic subdivision | England |
| -- | Lake District. |
No items available.